| 000 | 00921cam a2200289 a 4500 | ||
|---|---|---|---|
| 001 | 119364 | ||
| 003 | SISC | ||
| 005 | 20160317121314.0 | ||
| 008 | 970718s1998 nyu 000 0 eng | ||
| 010 | _a 97080145 | ||
| 020 | _a0028621824 | ||
| 040 |
_aDLC _cDLC _dDLC |
||
| 050 | 0 | 0 |
_aPE 1478 _b.T45 1975 |
| 082 | 0 | 0 |
_aHS 808.02 _bT22 1998 |
| 100 | 1 |
_aTeitelbaum, Harry. _913825 |
|
| 245 | 1 | 0 |
_aHow to write book reports / _cHarry Teitelbaum |
| 250 | _a3rd ed. | ||
| 260 |
_aNew York, NY : _bMacmillan, _cc1975. |
||
| 300 |
_a93 p. : _c21 cm. |
||
| 650 | 0 |
_aEnglish language _xRhetoric. _913826 |
|
| 650 | 0 |
_aBook reviewing. _913827 |
|
| 650 | 0 |
_aReport writing. _91734 |
|
| 906 |
_a7 _bcbc _corignew _d2 _eopcn _f19 _gy-gencatlg |
||
| 942 |
_2lcc _cBK |
||
| 999 |
_c9489 _d9489 |
||